100 Azərbaycanlı - Statistics

General Stats
  • This quiz has been taken 8 times
  • The average score is 18 of 99
Answer Stats
İpucu Şəxs % Correct
Azərbaycanın üçüncü prezidenti Heydər Əliyev
80%
Azərbaycanın dördüncü prezidenti İlham Əliyev
80%
UEFA Çempionlar Liqasında qələbə qazanmış ilk azərbaycanlı məşqçi Qurban Qurbanov
80%
Azərbaycanın birinci prezidenti Ayaz Mütəllibov
60%
Azərbaycanın ikinci prezidenti Əbülfəz Elçibəy
60%
Azərbaycan Xalq Cümhuriyyəti Milli Şurasının sədri Məhəmməd Əmin Rəsulzadə
60%
"Sirlər xəzinəsi" poemasının müəllifi Nizami Gəncəvi
60%
Gəncə xanlığının sonuncu hökmdarı Cavad xan
40%
"Molla Nəsrəddin" jurnalının redaktoru və təsisçisi Cəlil Məmmədquluzadə
40%
Mömünə Xatun türbəsinin memarı Əcəmi Naxçıvani
40%
Azərbaycan milli futbol komandasında ən çox qol vurmuş futbolçu Emin Mahmudov
40%
Azərbaycan Xalq Cümhuriyyətinin Xarici İşlər naziri Fətəli xan Xoyski
40%
Səfəvilər dövlətinin ilk şahı və şair I İsmayıl
40%
Hələb şəhərində dərisi soyulan şair İmadəddin Nəsimi
40%
"Meyvələrin söhbəti" poemasının müəllifi Məhəmməd Füzuli
40%
"Heydərbabaya salam" poemasının müəllifi Məhəmmədhüseyn Şəhriyar
40%
Səadət Sarayında intihar etmiş iş adamı Murtuza Muxtarov
40%
Onun şərəfinə Mars səthindəki krater adlandırılmışdır Nadir İbrahimov
40%
"Yeddi gözəl" baletinin müəllifi Qara Qarayev
40%
Yelizavetpol quberniyasında kəndli qiyamının lideri Qatır Məmməd
40%
2019-cu ildə Dünya Şahmat Kubokunu qazanmış qrosmeyster Teymur Rəcəbov
40%
1966 FİFA Dünya Kubokunun finalını idarə etmiş futbol hakimi Tofiq Bəhramov
40%
Yazıçı Aleksandr Düma ilə şahmat oynamış şairə Xurşidbanu Natəvan
40%
"Gülüstani-İrəm" əsərinin müəllifi Abbasqulu ağa Bakıxanov
20%
"Qarabağ" futbol klubunun baş məşqçisi və Azərbaycanın Milli Qəhrəmanı Allahverdi Bağırov
20%
“Əqrəb mövsümü” serialında Rauf Eyvazov obrazını ifa edən aktyor Azər Aydəmir
20%
"Bakının dərdi var" şeirinin müəllifi Baba Pünhan
20%
Xocalı soyqırımını lentə almış Azərbaycanın Milli Qəhrəmanı Çingiz Mustafayev
20%
“O olmasın, bu olsun” filmində Məşədi İbad obrazını ifa edən aktyor Əliağa Ağayev
20%
Azərbaycan Xalq Cümhuriyyəti Parlamentinin sədri Əlimərdan bəy Topçubaşov
20%
"Ey vətən" mahnısının bəstəkarı Elza İbrahimova
20%
“Təhminə” filmində Zaur obrazını ifa edən aktyor Fəxrəddin Manafov
20%
"Min bir gecə" baletinin müəllifi Fikrət Əmirov
20%
"Bağışla", "Bir axşam taksidən" və "Tapar məni" mahnılarının ifaçısı Flora Kərimova
20%
Azərbaycan milli mətbuatının banisi Həsən bəy Zərdabi
20%
“Gün keçdi” filmində Oqtay obrazını ifa edən aktyor Həsən Məmmədov
20%
İki dəfə Sovet İttifaqı Qəhrəmanı olmuş azərbaycanlı Həzi Aslanov
20%
"İblis" pyesinin müəllifi Hüseyn Cavid
20%
Rus İmperator Ordusunda yeganə müsəlman general-adyutant Hüseyn xan Naxçıvanski
20%
"Dəli Kür" romanının müəllifi İsmayıl Şıxlı
20%
Qeyri-səlis məntiqin yaradıcısı Lütfi Zadə
20%
"Mixaylo" ləqəbli partizan və Sovet İttifaqı Qəhrəmanı Mehdi Hüseynzadə
20%
"Qılınc və qələm" romanının müəllifi Məmməd Səid Ordubadi
20%
“Hophopnamə” əsərlər külliyatının müəllifi Mirzə Ələkbər Sabir
20%
Azərbaycan dramaturgiyasının banisi Mirzə Fətəli Axundov
20%
"Gənc qadının portreti" rəsminin müəllifi Mirzə Qədim İrəvani
20%
Qarabağ xanı İbrahimxəlil xan Cavanşirin vəziri və şair Molla Pənah Vaqif
20%
"Şah İsmayıl" operasının müəllifi Müslüm Maqomayev
20%
"Bahadır və Sona" romanının müəllifi Nəriman Nərimanov
20%
“Qayınana” filmində Cənnət obrazını ifa edən aktrisa Nəsibə Zeynalova
20%
"Eşqimin bəxti", "Qaytar eşqimi" və "Ötən günlər" mahnılarının ifaçısı Oqtay Ağayev
20%
Qarabağ xanlığının qurucusu Pənahəli xan
20%
"Gəl, ey səhər", "Mavi Gözündə" və "Şən Azərbaycan" mahnılarının ifaçısı Polad Bülbüloğlu
20%
"Vaqif" pyesinin müəllifi Səməd Vurğun
20%
"Bir könül sındırmışam", "Getmə" və "Tez gəl" mahnılarının ifaçısı Şövkət Ələkbərova
20%
Türkiyənin ilk qadın vəkili Sürəyya Ağaoğlu
20%
"Sənə də qalmaz" mahnısının bəstəkarı Tofiq Quliyev
20%
"Leyli və Məcnun" operasının müəllifi Üzeyir Hacıbəyov
20%
Bəstəkar, pianoçu və caz-muğam üslubunun banisi Vaqif Mustafazadə
20%
"Tıq-tıq xanım" nağılının müəllifi Abdulla Şaiq
0%
2015 Avropa Oyunlarının açılış mərasimi onun ifası ilə başlamışdır Alim Qasımov
0%
"Gecələr keçir", "Matros" və "Şəklimi çək" mahnılarının ifaçısı Aygün Kazımova
0%
"Allah" şeirinin müəllifi Bəxtiyar Vahabzadə
0%
"Sevil" pyesinin müəllifi Cəfər Cabbarlı
0%
“Ögey ana” filmində İsmayıl obrazını ifa edən aktyor Ceyhun Mirzəyev
0%
"Ac həriflər" pyesinin müəllifi Əbdürrəhim bəy Haqverdiyev
0%
"Qız qalası" baletinin müəllifi Əfrasiyab Bədəlbəyli
0%
"Bayatılar" mahnısının bəstəkarı Eldar Mansurov
0%
2011 Avroviziya Mahnı Müsabiqəsinin qalibləri Eldar Qasımov və Nigar Camal
0%
"İntizar", "Sən Yadıma Düşəndə", və "Tələbə" mahnılarının ifaçısı Elmira Rəhimova
0%
2008 Yay Olimpiya Oyunlarının qızıl medalçısı və cüdoçu Elnur Məmmədli
0%
"Azəri torpağı", "Bakılı balası" və "Yağış" mahnılarının ifaçısı Eyyub Yaqubov
0%
"Yoxsulların toyu" rəsminin müəllifi Əzim Əzimzadə
0%
2004 Yay Olimpiya Oyunlarının qızıl medalçısı və güləşçi Fərid Mansurov
0%
Rusiyanın Surqut hava limanı bu geoloqun adını daşıyır Fərman Salmanov
0%
"Bizim Cəbiş müəllim" və "Nəsimi" filmlərinin rejissoru Həsən Seyidbəyli
0%
2024 Yay Olimpiya Oyunlarının qızıl medalçısı və cüdoçu Hidayət Heydərov
0%
Təyyarə bələdçisi olan Azərbaycanın Milli Qəhrəmanı Hökumə Əliyeva
0%
Azərbaycanın ilk baş prokuroru İsmət Qayıbov
0%
Sovet kosmik proqramının banilərindən biri Kərim Kərimov
0%
İlk azərbaycanlı qadın təyyarəçi Leyla Məmmədbəyova
0%
“Gün keçdi” filmində Əsmər obrazını ifa edən aktrisa Leyla Şıxlinskaya
0%
“Fəryad” filmində Armen Xaçaturyans obrazını ifa edən aktyor Məlik Dadaşov
0%
"Dünya sənin, dünya mənim" şeirinin müəllifi Məmməd Araz
0%
"Yenə o bağ olaydı" şeirinin müəllifi Mikayıl Müşfiq
0%
"Kəpənək", "Limanda" və "Pəncərəmə qondu çiçək" mahnılarının ifaçısı Mirzə Babayev
0%
2000 Yay Olimpiya Oyunlarının qızıl medalçısı və güləşçi Namiq Abdullayev
0%
İlk azərbaycanlı şəfqət bacısı Nigar Şıxlinskaya
0%
1994-cü ildə Bakı metrosunda terror hadisəsi zamanı həlak olan bəstəkar Rafiq Babayev
0%
"Park" və "Təhminə" filmlərinin rejissoru Rasim Ocaqov
0%
Azərbaycan milli futbol komandasında ən çox oyun keçirən futbolçu Rəşad Sadıqov
0%
"Ayrılıq", "Lalələr" və "Sənsiz" mahnılarının ifaçısı Rəşid Behbudov
0%
"Ad günü" və "Bir cənub şəhərində" filmlərinin ssenari müəllifi Rüstəm İbrahimbəyov
0%
Azərbaycan impressionizminin banisi Səttar Bəhlulzadə
0%
"Sənə, bəşəriyyət!" rəsminin müəllifi Tahir Salahov
0%
"Arşın mal alan" və "Köpək" filmlərinin rejissoru Tofiq Tağızadə
0%
2012 Yay Olimpiya Oyunlarının qızıl medalçısı və güləşçi Toğrul Əsgərov
0%
"Ey, mənim dünyam" mahnısının bəstəkarı Vaqif Gərayzadə
0%
“Bəyin oğurlanması” filmində İsrafil obrazını ifa edən aktyor Yaşar Nuri
0%
No matching quizzes found
Score Distribution
Percent of People with Each Score
Percentile by Number Answered
Your Score History
You have not taken this quiz